000
00435nam a2200145Ia 4500
008
090122s9999 xx 000 0 und d
082
_b
7069
_a
O155:1:9
100
_a
राजाध्यक्ष
_b
विजया
_c
-
245
_a
आदिमाया
600
_a
राजाध्यक्ष
630
_a
आदिमाया
700
_a
राजाध्यक्ष
730
_a
आदिमाया
942
_c
BOOK
999
_c
31146
_d
31146